000 00719nam a2200289Ia 4500
005 20260324112554.0
008 008 260324s9999 xx 000 0 eng d
020 _a9781003369752
037 _aEBOOK
040 _aCRL
040 _beng
040 _cCRL
041 _2eng
041 _aeng
084 _qCRL
100 _aDouglas Kent
_91143256
245 0 _aRegenerating Essential Goods and Services in Urban Landscapes
245 0 _bSustainability Through Ecological Design
260 _bTaylor and Francis
260 _c2024
365 _a
365 _b230
856 _uhttp://www.taylorfrancis.com/books/9781003369752
942 _cEBOOK
999 _c1732509
_d1732509